000 00287nam a22001337a 4500
008 170531b xxu||||| |||| 00| 0 eng d
020 _a074470990321
041 _aeng
080 _a93
100 _a17
101 _aSHH
245 _aRADICAL HISTORY
_cBONAKDARIAN, M
942 _2udc
_cBK
999 _c15175
_d15175